| 000 | 00926nam a22002657a 4500 | ||
|---|---|---|---|
| 999 |
_c65641 _d65641 |
||
| 005 | 20240530110835.0 | ||
| 008 | 170918s2008 ua f b 000 0 ara d | ||
| 017 |
_bمصر. دار الكتب _a2007/24608 |
||
| 020 | _a9772326099 | ||
| 040 |
_aEG-CaGPL _cEG-CaGPL |
||
| 082 | 0 | 4 |
_221 _a370.15 / _bإ ت |
| 100 | 0 | _aايمان عبدالله شرف | |
| 245 | 1 | 2 |
_aالتربية الاخلاقية للطفل / _cايمان عبدالله شرف |
| 250 | _aط. 1 | ||
| 260 |
_aالقاهرة : _bعالم الكتب، _c2008. |
||
| 300 |
_a150ص. ؛ _c24 سم. |
||
| 650 | 0 | 7 |
_2qrmak _aعلم النفس التربوى |
| 650 | 0 | 7 |
_2qrmak _aتعليم الاطفال |
| 650 | 0 | 7 |
_2qrmak _aالاطفال _xعلم النفس |
| 650 | 0 | 7 |
_2qrmak _aالاطفال _xرعاية صحية |
| 650 | 0 | 4 |
_aالاطفال _xسلوك _2qrmak |
| 651 | _2qrmak | ||
| 942 |
_2ddc _cBK |
||